| 000 | 01606nam0a2200325 4500 | ||
|---|---|---|---|
| 001 | RU\NLR\bibl\91259 | ||
| 005 | 20260406050308.0 | ||
| 021 |
_aRU _b1998-45152 _92167 |
||
| 035 | _a(NLR Aleph) 000089189 | ||
| 090 |
_a499786 _c499786 |
||
| 100 | _a20000609d1998 |||y0rusy50 ca | ||
| 101 | 0 | _arus | |
| 102 | _aRU | ||
| 105 | _ay ||||||||| | ||
| 200 | 1 |
_aСоциальное страхование в России и за рубежом _eУчеб. пособие _fА. Бабич, Е. Егоров, Е. Жильцов _gРос. акад. гос. службы при Президенте Рос. Федерации |
|
| 210 |
_aМ. _cИзд-во РАГС _d1998 |
||
| 215 |
_a206 с. _d20 |
||
| 320 | _aБиблиогр.: с. 204-205 и в подстроч. прим. | ||
| 606 | 0 |
_aСоциальное страхование _jРуководства, пособия и т.п. _yРоссийская Федерация _92073978 _3RU\NLR\auth\661248938 |
|
| 606 | 0 |
_aСоциальное страхование _jУчебные издания _yРоссийская Федерация _92073978 _3RU\NLR\auth\661248938 |
|
| 686 | _aУ27(0)1я7 | ||
| 700 | 1 |
_aБабич _bА. М. _4070 |
|
| 701 | 1 |
_4070 _8rus _7ca _aЕгоров _bЕ. В. _cд-р экон. наук _f1953- _gЕвгений Викторович _3RU\NLR\auth\7774044 _956972 |
|
| 701 | 1 |
_4070 _8rus _7ca _aЖильцов _bЕ. Н. _f1937- _gЕвгений Николаевич _3RU\NLR\auth\775811 _9115770 |
|
| 801 | 0 |
_aRU _bNLR _c20000609 _gPSBO |
|
| 801 | 1 |
_aRU _bNLR _c20000609 |
|
| 852 |
_aNLR _j99-3/17596 |
||
| 942 | _cBOOK | ||
| 980 | _aNB | ||